Science Quiz

Random Science Quiz

VCU SOP 14 Fall 10 Brand Name/Categories Drugs Quiz Stats

 Plays Quiz not verified by Sporcle

Challenge
Share
Tweet
Embed
Score 0/66 Timer 15:00
0 Plays Today
Brand Name Category % Correct
LotensinACE Inhibitor
95.2%
Digitek, LanoxinAntiarrythmic, Class IV Cardiac Glycoside
37.2%
CoregAlpha Beta Blocker
33.8%
Calan SR, Verelan, Isoptin SRCalcium Channel Blocker
33.3%
TenorminBeta Blocker, Selective
29.9%
DiovanAngiotensin II Receptor Antagonist
27.7%
Cartia XT, Cardiazem CD, Cardiazem SRCalcium Channel Blocker
26.8%
BonivaBisphosphonate
24.2%
Benicar HCTAngiotensin II Receptor Antagonist, Diuretic, Thiazide
22.5%
GlucophageBiguanide
20.8%
AmarylAntidiabetic, Sulfonylurea
19%
JanuviaAntidiabetic Agent DPP-IV Inhibitor
18.6%
TricorAntihyperlipidemic, Fibric Acid
18.2%
Actonel, Actonel 150Bisphosphonate
15.6%
ZetiaAntilipidemic, 2-Azetidinone
14.3%
LasixDiuretic, Loop
14.3%
PlavixAntiplatelet Agent
13.9%
LopressorBeta Blocker, Selective
13.9%
GlucovanceAntidiabetic, Sulfonylurea, Biguanide
13.4%
VytorinAntilipidemic, 2-Azetidinone, HMG-CoA Reductase Inhibitor
13.4%
LovazaAntilipidemic Agent
13.4%
NiaspanAntilipidemic, Vitamin, Water Soluble
13.4%
Glucophage XR, GlumetzaBiguanide
13.4%
FosamaxBisphosphonate
13.4%
HyzaarAngiotensin II Receptor Antagonist, Diuretic, Thiazide
13%
GlucotrolAntidiabetic, Sulfonylurea
13%
LotrelCalcium Channel Blocker, ACE inhibitor
13%
Diovan HCTAngiotensin II Receptor Antagonist, Diuretic, Thiazide
12.6%
TenoreticBeta Blocker, Beta1 Selective, Diuretic, Thiazide
12.6%
InderalBeta Blocker, Nonselective
12.6%
PlendilCalcium Channel Blocker
12.6%
MicrozideDiuretic, Thiazide
12.6%
AvalideAngiotensin II Receptor Antagonist, Diuretic, Thiazide
12.1%
Brand Name Category % Correct
MicardisAngiotensin II Receptor Antagonist
12.1%
BenicarAngiotensin II Receptor Antagonist
12.1%
AldactoneDiuretic, Potassium-Sparing
12.1%
Procardia XL, Adalat CCCalcium Channel Blocker
11.7%
AvaproAngiotensin II Receptor Antagonist
11.3%
CozaarAngiotensin II Receptor Antagonist
10.8%
Dyazide, MaxzideDiuretic, Potassium-Sparing, Diuretic, Thiazide
10.8%
LipitorHMG-CoA Reductase Inhibitor
10.8%
MevacorHMG-CoA Reductase Inhibitor
10.8%
LopidAntihyperlipidemic, Fibric Acid
10.4%
Diabeta, Micronase, GlynaseAntidiabetic, Sulfonylurea
10%
CrestorHMG-CoA Reductase Inhibitor
9.1%
CarduraAlpha1 Blocker
8.7%
LidodermAnalgesic, Topical
8.7%
PravacholHMG-CoA Reductase Inhibitor
8.7%
CatapresAlpha2 Adrenergic Agonist
8.2%
Prinzide, ZestoreticACE Inhibitor, Diuretic, Thiazide
7.4%
ZiacBeta Blocker, Beta1 Selective, Diuretic, Thiazide
7.4%
AccuprilACE Inhibitor
6.9%
ZocorAntilipidemic, HMG-CoA Reductase Inhibitor
6.9%
NovologInsulin Analog, Rapid-Acting
6.9%
Prinivil, ZestrilACE Inhibitor
6.5%
AltaceACE Inhibitor
6.5%
Toprol XLBeta Blocker, Selective
6.5%
NorvascCalcium Channel Blocker
6.5%
LantusInsulin, Long-Acting
6.5%
VasotecACE Inhibitor
6.1%
Synthroid, Levoxyl, LevothroidThyroid Replacement
6.1%
Imdur, ISMOVasodilator
6.1%
Nitrostat, NitroquickVasodilator
6.1%
ActosAntidiabetic, Thiazolidinedione
5.6%
HumalogInsulin, Rapid-Acting
5.6%
Coumadin, JantovenAnticoagulent
3%

You're not logged in!

Compare scores with friends on all Sporcle quizzes.
OR
Log In

You Might Also Like...

Show Comments

Extras

Top Quizzes Today


Score Distribution

Your Account Isn't Verified!

In order to create a playlist on Sporcle, you need to verify the email address you used during registration. Go to your Sporcle Settings to finish the process.

Report this User

Report this user for behavior that violates our Community Guidelines.

Details: